<?xml version="1.0" encoding="UTF-8"?><?xml-stylesheet type="text/xsl" href="static/style.xsl"?><OAI-PMH xmlns="http://www.openarchives.org/OAI/2.0/" xmlns:xsi="http://www.w3.org/2001/XMLSchema-instance" xsi:schemaLocation="http://www.openarchives.org/OAI/2.0/ http://www.openarchives.org/OAI/2.0/OAI-PMH.xsd"><responseDate>2026-04-17T05:49:25Z</responseDate><request verb="GetRecord" identifier="oai:www.recercat.cat:2072/232706" metadataPrefix="marc">https://recercat.cat/oai/request</request><GetRecord><record><header><identifier>oai:recercat.cat:2072/232706</identifier><datestamp>2024-12-11T21:56:37Z</datestamp><setSpec>com_2072_5165</setSpec><setSpec>com_2072_5163</setSpec><setSpec>col_2072_5170</setSpec></header><metadata><record xmlns="http://www.loc.gov/MARC21/slim" xmlns:dcterms="http://purl.org/dc/terms/" xmlns:xsi="http://www.w3.org/2001/XMLSchema-instance" xmlns:doc="http://www.lyncode.com/xoai" xsi:schemaLocation="http://www.loc.gov/MARC21/slim http://www.loc.gov/standards/marcxml/schema/MARC21slim.xsd">
   <leader>00925njm 22002777a 4500</leader>
   <datafield ind2=" " ind1=" " tag="042">
      <subfield code="a">dc</subfield>
   </datafield>
   <datafield ind2=" " ind1=" " tag="720">
      <subfield code="a">Cabrera Luque, Alberto</subfield>
      <subfield code="e">author</subfield>
   </datafield>
   <datafield ind2=" " ind1=" " tag="260">
      <subfield code="c">2014-06-10</subfield>
   </datafield>
   <datafield ind2=" " ind1=" " tag="520">
      <subfield code="a">Es presenta un model de negoci de venda per Internet d’ aliments típics espanyols orientat principalment a les persones que han emigrat del nostre país. El motiu que dona lloc a aquest projecte no es altre que el constant increment de espanyols que decideixen buscar oportunitats fora del país, cosa que suposa una oportunitat de negoci. Per comprovar la sostenibilitat del projecte, es realitzarà un anàlisi de totes aquelles variables externes que pugin intervenir i afectar al desenvolupament de la activitat així com un estudi de mercat, un pla estratègic i un estudi financer que serveixi per assentar les bases d’un negoci que sens dubte està ple d’oportunitats.</subfield>
   </datafield>
   <datafield ind1="8" ind2=" " tag="024">
      <subfield code="a">http://hdl.handle.net/2072/232706</subfield>
   </datafield>
   <datafield ind2="0" ind1="0" tag="245">
      <subfield code="a">Business Plan: proyecto de venta online de productos españoles para residentes en el extranjero</subfield>
   </datafield>
</record></metadata></record></GetRecord></OAI-PMH>